000 00267nam a2200121Ia 4500
005 20251222152621.0
008 251222s9999||||xx |||||||||||||| ||spa||
082 _a800/C15
100 _aCadeau, E.
245 0 _aEl Hombre del Auto
250 _a1ra.ed.
942 _cLIB
999 _c27354
_d27354